[Event "ODEM U25B 2012"]
[Site "Oberhof GER"]
[Date "2012.05.30"]
[Round "6"]
[White "Wagner, Swenja"]
[Black "Schulze, Lara"]
[Result "1/2-1/2"]
[Termination "normal"]
[Board "25"]
[WhiteElo "1287"]
[BlackElo "994"]
[PlyCount "126"]
[WhiteFideId "12900494"]
[BlackFideId "12956830"]
[EventCountry "GER"]
[EventRounds "9"]
[EventType "swiss"]
[EventDate "2012.05.26"]

1. e4 c6 2. d4 d5 3. e5 Bf5 4. Nf3 e6 5. Be2 Ne7 6. Be3 Ng6 7. O-O Be7 8. c4
O-O 9. Nc3 Qb6 10. b3 Nd7 11. Bd3 Bxd3 12. Qxd3 Rad8 13. c5 Qc7 14. g3 f6 15.
exf6 Rxf6 16. Bg5 Rxf3 17. Qxf3 Bxg5 18. Qg4 Bf6 19. Qxe6+ Kh8 20. Qe3 Qa5 21.
Ne2 Nxc5 22. b4 Qxb4 23. Rab1 Qc4 24. dxc5 d4 25. Qe4 Qxc5 26. Rfd1 Ne7 27.
Rxb7 Nf5 28. Qf3 Nd6 29. Rc7 Rc8 30. Rxc8+ Nxc8 31. Rc1 Qb6 32. Qxc6 Qxc6 33.
Rxc6 Ne7 34. Rd6 Nf5 35. Rd5 Ne7 36. Rd7 Nf5 37. g4 d3 38. Rxd3 Nh6 39. f4 Nxg4
40. Rb3 g5 41. fxg5 Bxg5 42. Rb8+ Kg7 43. Rb7+ Kh6 44. Rxa7 Be3+ 45. Kg2 Bxa7
46. Kg3 Nf6 47. h3 Bb8+ 48. Kg2 Kg5 49. Nd4 Bd6 50. a4 Nh5 51. a5 Nf4+ 52. Kf3
Bc5 53. Nc6 Nxh3 54. a6 h5 55. a7 Bxa7 56. Nxa7 h4 57. Nc6 Ng1+ 58. Kg2 Ne2 59.
Ne5 Nf4+ 60. Kh1 Kf5 61. Nf3 h3 62. Ng1 Kg4 63. Nxh3 Nxh3 1/2-1/2

[Event "ODEM U25B 2012"]
[Site "Oberhof GER"]
[Date "2012.05.30"]
[Round "6"]
[White "Kalina, Joshua"]
[Black "Janke, Luisa"]
[Result "0-1"]
[Termination "normal"]
[Board "26"]
[WhiteElo "941"]
[BlackElo "1154"]
[PlyCount "92"]
[BlackFideId "12925225"]
[EventCountry "GER"]
[EventRounds "9"]
[EventType "swiss"]
[EventDate "2012.05.26"]

1. e4 c6 2. d4 d5 3. exd5 cxd5 4. Nf3 Nf6 5. Bd3 Nc6 6. c3 Ne4 7. Nbd2 Bf5 8.
O-O e6 9. Qc2 Bd6 10. Bxe4 dxe4 11. Nxe4 O-O 12. Re1 Qc7 13. Qd3 Bf4 14. h3
Rfd8 15. Qe2 Rd5 16. Bd2 Bxd2 17. Nexd2 Qe7 18. Ne4 e5 19. Ng3 Bd7 20. Rad1 f6
21. Qe4 Be6 22. c4 Rd7 23. d5 Rad8 24. Rc1 f5 25. Qe3 f4 26. Qe4 fxg3 27. dxe6
gxf2+ 28. Kxf2 Qxe6 29. Ng5 Qf6+ 30. Nf3 Rd4 31. Qe2 Rd2 32. Kg1 Rxe2 33. Rxe2
Qf4 34. Rce1 Qxc4 35. Nxe5 Qd4+ 36. Kh1 Nxe5 37. Rxe5 Qxb2 38. R5e2 Qb5 39. Rf2
Qc5 40. Ref1 h6 41. Kh2 Qe7 42. Kh1 Qc5 43. Kh2 Qg5 44. Kh1 Rd2 45. Rf8+ Kh7
46. R1f5 Qxg2# 0-1

[Event "ODEM U25B 2012"]
[Site "Oberhof GER"]
[Date "2012.05.30"]
[Round "6"]
[White "Karge, Ole Jannes"]
[Black "Acikel, Mert"]
[Result "0-1"]
[Termination "normal"]
[Board "27"]
[WhiteElo "1090"]
[BlackElo "970"]
[PlyCount "144"]
[WhiteFideId "12957267"]
[BlackFideId "12956465"]
[EventCountry "GER"]
[EventRounds "9"]
[EventType "swiss"]
[EventDate "2012.05.26"]

1. e4 e5 2. Nf3 Nc6 3. d4 exd4 4. Nxd4 Bc5 5. Be3 Bb6 6. Nxc6 bxc6 7. Bxb6 axb6
8. c4 d6 9. Nc3 Bb7 10. Bd3 Nf6 11. O-O O-O 12. f3 Re8 13. Qc2 d5 14. Rad1 Qd6
15. Rfe1 dxc4 16. Bxc4 Qc5+ 17. Kh1 Qxc4 18. Re3 Rxa2 19. Qd2 Raa8 20. Rd3 h6
21. Rd4 Qc5 22. Na4 Qe7 23. Nc3 c5 24. Rd3 Kh7 25. Ne2 Ng4 26. Rd7 Rad8 27.
Rxd8 Nf2+ 28. Kg1 Nxd1 29. Rxe8 Qxe8 30. Qxd1 Qb5 31. Qc2 Kg8 32. Nc3 Qc4 33.
b3 Qd4+ 34. Kf1 Ba6+ 35. Ne2 Bxe2+ 36. Qxe2 Kf8 37. f4 Ke7 38. g3 Kd6 39. e5+
Kd5 40. Qg2+ Qe4 41. Qd2+ Qd4 42. Qg2+ Qe4 43. Qd2+ Ke6 44. Kf2 Qd4+ 45. Qxd4
cxd4 46. Ke2 Kd5 47. Kd3 c5 48. h4 b5 49. g4 c4+ 50. bxc4+ bxc4+ 51. Kd2 Ke4
52. g5 hxg5 53. hxg5 Kxf4 54. g6 Ke4 55. gxf7 c3+ 56. Ke2 d3+ 57. Kf2 c2 58.
f8=Q c1=Q 59. Qf3+ Kxe5 60. Qh5+ Ke4 61. Qg4+ Qf4+ 62. Qxf4+ Kxf4 63. Ke1 Ke3
64. Kd1 g5 65. Ke1 g4 66. Kd1 g3 67. Kc1 g2 68. Kb2 g1=Q 69. Kc3 d2 70. Kc4
d1=R 71. Kc5 Qg5+ 72. Kc4 Qd8 0-1

[Event "ODEM U25B 2012"]
[Site "Oberhof GER"]
[Date "2012.05.30"]
[Round "6"]
[White "Vuckovic, Robert"]
[Black "Arnold, Alexandria"]
[Result "0-1"]
[Termination "normal"]
[Board "28"]
[WhiteElo "1081"]
[BlackElo "872"]
[PlyCount "116"]
[WhiteFideId "12998680"]
[BlackFideId "16205383"]
[EventCountry "GER"]
[EventRounds "9"]
[EventType "swiss"]
[EventDate "2012.05.26"]

1. e4 e5 2. Nf3 Nc6 3. Bc4 Bc5 4. c3 Nf6 5. b4 Bb6 6. Qb3 O-O 7. d3 d6 8. h3
Qe7 9. a4 a6 10. O-O Be6 11. Be3 Ba7 12. Bxa7 Rxa7 13. Nbd2 Nd7 14. a5 Qf6 15.
Rfe1 b6 16. Bd5 bxa5 17. Ng5 Nd8 18. Nxe6 fxe6 19. Rf1 exd5 20. Qxd5+ Nf7 21.
Rxa5 Nb6 22. Qb3 Qf4 23. Nf3 Kh8 24. b5 Rfa8 25. Qe6 h6 26. Rfa1 Ng5 27. Nxg5
Qxg5 28. bxa6 Qd2 29. Qb3 Qxd3 30. Rd1 Qxe4 31. Rda1 Qc6 32. c4 Nxc4 33. Rc1
Nxa5 34. Qa3 Qxa6 35. Rf1 Nb7 36. Qf3 Qb6 37. Qe4 Ra1 38. Re1 R8a2 39. Rxa1
Rxa1+ 40. Kh2 Qd4 41. Qxb7 Qf4+ 42. g3 Qxf2+ 43. Qg2 Qxg2+ 44. Kxg2 Ra3 45. g4
c5 46. Kf2 c4 47. Ke2 d5 48. h4 d4 49. g5 hxg5 50. hxg5 c3 51. Kd1 d3 52. g6
c2+ 53. Kc1 Ra1+ 54. Kd2 c1=Q+ 55. Kxd3 Ra4 56. Ke2 Ra3 57. Kf2 Qb2+ 58. Ke1
Ra1# 0-1

[Event "ODEM U25B 2012"]
[Site "Oberhof GER"]
[Date "2012.05.30"]
[Round "6"]
[White "Eggert, Daniela"]
[Black "Koll, Linus"]
[Result "1-0"]
[Termination "normal"]
[Board "29"]
[WhiteElo "927"]
[BlackElo "1052"]
[PlyCount "69"]
[WhiteFideId "12991490"]
[BlackFideId "12990299"]
[EventCountry "GER"]
[EventRounds "9"]
[EventType "swiss"]
[EventDate "2012.05.26"]

1. e4 e5 2. Nf3 Nc6 3. Nc3 Bc5 4. Nxe5 Nxe5 5. d4 Bxd4 6. Qxd4 Nc6 7. Qxg7 Qf6
8. Bh6 Qxg7 9. Bxg7 Nf6 10. Bxh8 Nb4 11. O-O-O Ng4 12. Rd2 a6 13. f3 Nh6 14. a3
Nc6 15. Nd5 Rb8 16. Bf6 Ng8 17. Nxc7+ Kf8 18. e5 Nxf6 19. exf6 Ne5 20. Re2 d6
21. f4 Bg4 22. Re3 Nc6 23. h3 Bf5 24. Bc4 Na7 25. Rhe1 Bd7 26. Re7 Be6 27. Bxe6
fxe6 28. R1xe6 Nc6 29. Rxh7 Kg8 30. Rg7+ Kf8 31. h4 Nd4 32. Ree7 Ne2+ 33. Kb1
Nc3+ 34. bxc3 Rc8 35. Ne6# 1-0

[Event "ODEM U25B 2012"]
[Site "Oberhof GER"]
[Date "2012.05.30"]
[Round "6"]
[White "Bossert, Moritz"]
[Black "Dathe, Frederick"]
[Result "0-1"]
[Termination "normal"]
[Board "30"]
[WhiteElo "787"]
[BlackElo "1036"]
[PlyCount "56"]
[WhiteFideId "16239946"]
[BlackFideId "12963070"]
[EventCountry "GER"]
[EventRounds "9"]
[EventType "swiss"]
[EventDate "2012.05.26"]

1. d4 d5 2. c4 e6 3. Nf3 Nf6 4. g3 Bb4+ 5. Bd2 Bxd2+ 6. Qxd2 O-O 7. Bg2 Nbd7 8.
Nc3 c6 9. O-O-O a6 10. Qd3 b5 11. cxd5 cxd5 12. Nd2 Qc7 13. Kb1 Nb6 14. Rc1 Qd6
15. e4 Nc4 16. Nxc4 bxc4 17. Qf3 Nxe4 18. Nxe4 dxe4 19. Qxe4 e5 20. Qxa8 Bf5+
21. Ka1 Rxa8 22. Bxa8 exd4 23. Rhe1 g6 24. Rxc4 d3 25. Rc6 Qd4 26. Rd1 d2 27.
Rc3 Qxf2 28. a3 Bg4 0-1

[Event "ODEM U25B 2012"]
[Site "Oberhof GER"]
[Date "2012.05.30"]
[Round "6"]
[White "Matuschak, Henry"]
[Black "Kluge, Helene"]
[Result "1-0"]
[Termination "normal"]
[Board "31"]
[WhiteElo "1034"]
[BlackElo "827"]
[PlyCount "97"]
[BlackFideId "12983179"]
[EventCountry "GER"]
[EventRounds "9"]
[EventType "swiss"]
[EventDate "2012.05.26"]

1. e4 c5 2. Nf3 Nc6 3. Nc3 Nf6 4. Bc4 d6 5. d3 g6 6. O-O Bg7 7. Bg5 O-O 8. h3
a6 9. a3 b5 10. Ba2 Re8 11. Re1 Be6 12. Bxe6 fxe6 13. Qd2 Qd7 14. Re2 d5 15. e5
Nh5 16. Rae1 Rf8 17. d4 c4 18. Qe3 Bh8 19. Bh6 Ng7 20. Qg5 Rf5 21. Qg4 Rf7 22.
Rd1 Nf5 23. Bc1 Bg7 24. a4 b4 25. Na2 a5 26. b3 c3 27. Ree1 Nh6 28. Bxh6 Bxh6
29. Nc1 Rf4 30. Qg3 Raf8 31. Rd3 R4f5 32. Ne2 Nd8 33. Rf1 Nf7 34. Ne1 Kg7 35.
Rf3 Ng5 36. Rxf5 Rxf5 37. f3 Nf7 38. Nd3 Be3+ 39. Kh1 Qa7 40. Nc5 Qb6 41. Rd1
Nd8 42. Rd3 Bh6 43. f4 Rf7 44. Qf3 Nc6 45. g3 Nxd4 46. Nxd4 Kf8 47. Ncxe6+ Ke8
48. Qxd5 Bg7 49. Qa8+ 1-0

[Event "ODEM U25B 2012"]
[Site "Oberhof GER"]
[Date "2012.05.30"]
[Round "6"]
[White "Kobald, Pierre"]
[Black "Weiten, Anna"]
[Result "0-1"]
[Termination "normal"]
[Board "32"]
[WhiteElo "869"]
[BlackElo "1008"]
[PlyCount "70"]
[WhiteFideId "12983659"]
[BlackFideId "12938203"]
[EventCountry "GER"]
[EventRounds "9"]
[EventType "swiss"]
[EventDate "2012.05.26"]

1. e4 e5 2. Nf3 Nc6 3. d4 exd4 4. Bc4 Nf6 5. c3 Nxe4 6. O-O Nf6 7. cxd4 d5 8.
Bd3 Bd6 9. Re1+ Be6 10. Bf5 Qd7 11. Ng5 Nd8 12. Nxe6 Nxe6 13. Qe2 O-O 14. Bxe6
fxe6 15. Qxe6+ Qxe6 16. Rxe6 Rae8 17. Rxe8 Rxe8 18. g3 Re1+ 19. Kg2 Rxc1 20. f4
Rc2+ 21. Kf3 Rxb2 22. h4 c5 23. dxc5 Bxc5 24. g4 Rf2+ 25. Kg3 Ne4+ 26. Kh3 Rxf4
27. a3 Nf2+ 28. Kg3 Rxg4+ 29. Kf3 Re4 30. Nc3 Re5 31. Kf4 Bd6 32. Kf3 d4 33.
Ne2 d3 34. Nc3 Bc5 35. Na4 Bd4 0-1

[Event "ODEM U25B 2012"]
[Site "Oberhof GER"]
[Date "2012.05.30"]
[Round "6"]
[White "Riehle, Fabio"]
[Black "Zebandt, Manuel"]
[Result "0-1"]
[Termination "normal"]
[Board "33"]
[WhiteElo "1129"]
[BlackElo "985"]
[PlyCount "170"]
[WhiteFideId "36052140"]
[EventCountry "GER"]
[EventRounds "9"]
[EventType "swiss"]
[EventDate "2012.05.26"]

1. e4 e5 2. Nf3 Nc6 3. d4 exd4 4. Bc4 Bc5 5. c3 dxc3 6. Bxf7+ Kxf7 7. Qd5+ Ke8
8. Qh5+ g6 9. Qxc5 d6 10. Qxc3 Qf6 11. O-O Qxc3 12. Nxc3 Be6 13. b3 Nf6 14. Bb2
Rf8 15. Ng5 Rd8 16. Nxe6 Rf7 17. Nxd8 Kxd8 18. Nd5 Nxe4 19. Rfe1 Nxf2 20. Bf6+
Kc8 21. Re8+ Kd7 22. Rae1 Ng4 23. Be7 Kxe8 24. Bxd6+ Kd7 25. Bxc7 Nd4 26. Re4
Nb5 27. Rc4 h5 28. h3 Nf6 29. Nxf6+ Rxf6 30. Be5 Rc6 31. a4 Rxc4 32. bxc4 Na3
33. c5 Nc4 34. Bf6 Kc6 35. Kf2 Kxc5 36. Bd8 Kd5 37. Kf3 Ke5 38. g4 Nd2+ 39. Ke3
Nf1+ 40. Kf2 Nd2 41. Bc7+ Kf6 42. gxh5 gxh5 43. Ke2 Ne4 44. Ke3 Ng5 45. Bd8+
Kf5 46. h4 Ne6 47. Be7 a6 48. Kd3 b5 49. a5 Ke5 50. Ke3 Nd4 51. Kd3 Kd5 52. Bf6
Nb3 53. Bd8 Nd4 54. Bb6 Nf3 55. Bd8 Nd4 56. Bf6 Nb3 57. Bc3 Nc5+ 58. Ke3 Kc4
59. Be1 b4 60. Bg3 b3 61. Be5 Na4 62. Kf4 b2 63. Bxb2 Nxb2 64. Kg5 Nd3 65. Kxh5
Ne5 66. Kg5 Nf3+ 67. Kg4 Nxh4 68. Kxh4 Kb5 69. Kg3 Kxa5 70. Kf3 Kb4 71. Ke3 Kc3
72. Ke2 a5 73. Kd1 Kb2 74. Kd2 a4 75. Kd3 a3 76. Kd2 a2 77. Kd1 a1=Q+ 78. Kd2
Qc1+ 79. Ke2 Qc3 80. Kd1 Qc2+ 81. Ke1 Kc3 82. Kf1 Kd3 83. Kg1 Ke3 84. Kh1 Kf3
85. Kg1 Qg2# 0-1

[Event "ODEM U25B 2012"]
[Site "Oberhof GER"]
[Date "2012.05.30"]
[Round "6"]
[White "Niewrzol, Anton"]
[Black "Mönster, Michel"]
[Result "0-1"]
[Termination "normal"]
[Board "34"]
[WhiteElo "896"]
[BlackElo "988"]
[PlyCount "36"]
[BlackFideId "12947164"]
[EventCountry "GER"]
[EventRounds "9"]
[EventType "swiss"]
[EventDate "2012.05.26"]

1. e4 e6 2. d4 d5 3. Nc3 c5 4. Nf3 Nc6 5. Bb5 a6 6. Bxc6+ bxc6 7. O-O Bd6 8. e5
cxd4 9. Qxd4 c5 10. Qg4 Bf8 11. Na4 Nh6 12. Bxh6 gxh6 13. Nxc5 Bxc5 14. Qg7 Rf8
15. Qxh6 Bb7 16. Qxh7 d4 17. Ng5 Qxg5 18. g3 Ke7 0-1

[Event "ODEM U25B 2012"]
[Site "Oberhof GER"]
[Date "2012.05.30"]
[Round "6"]
[White "Wiemann, Daniel"]
[Black "Lang, Thomas"]
[Result "1/2-1/2"]
[Termination "normal"]
[Board "35"]
[WhiteElo "963"]
[BlackElo "945"]
[PlyCount "63"]
[WhiteFideId "12942944"]
[BlackFideId "12982520"]
[EventCountry "GER"]
[EventRounds "9"]
[EventType "swiss"]
[EventDate "2012.05.26"]

1. d4 Nf6 2. c4 d5 3. e3 Bf5 4. Nf3 e6 5. Nc3 Bb4 6. Bd2 Bxc3 7. Bxc3 Ne4 8.
Qc1 Nc6 9. Nd2 Qh4 10. g3 Qh5 11. Be2 Qh3 12. Bf1 Qh5 13. h3 O-O 14. Nxe4 dxe4
15. Bg2 Qh6 16. g4 Bg6 17. Qc2 f5 18. gxf5 exf5 19. d5 Ne7 20. Bb4 Rfe8 21.
O-O-O Rad8 22. Kb1 c6 23. Bxe7 Rxe7 24. dxc6 Rxd1+ 25. Rxd1 bxc6 26. Rd6 Qg5
27. Bh1 Qg1+ 28. Qc1 Qh2 29. Rxc6 Qxf2 30. Rc8+ Re8 31. Rxe8+ Bxe8 32. c5
1/2-1/2

[Event "ODEM U25B 2012"]
[Site "Oberhof GER"]
[Date "2012.05.30"]
[Round "6"]
[White "Lilienthal, Niels Bennett"]
[Black "Kung, Fanny"]
[Result "0-1"]
[Termination "normal"]
[Board "36"]
[WhiteElo "928"]
[BlackElo "825"]
[PlyCount "127"]
[WhiteFideId "16205421"]
[BlackFideId "12987689"]
[EventCountry "GER"]
[EventRounds "9"]
[EventType "swiss"]
[EventDate "2012.05.26"]

1. c4 Nf6 2. Nc3 g6 3. g3 c5 4. Nf3 d6 5. Bg2 Bg7 6. O-O a6 7. d3 Nc6 8. Bg5
O-O 9. Qd2 Bg4 10. Bh6 Qd7 11. Bxg7 Kxg7 12. d4 cxd4 13. Nxd4 Nxd4 14. Qxd4 Bh3
15. Nd5 Bxg2 16. Kxg2 Rac8 17. Nb6 Qc6+ 18. Kg1 Rc7 19. f3 e5 20. Qe3 Nd7 21.
Nxd7 Qxd7 22. f4 f6 23. fxe5 fxe5 24. Rac1 Rxf1+ 25. Kxf1 d5 26. Qxe5+ Kg8 27.
b3 Qc6 28. a4 dxc4 29. Rxc4 Qh1+ 30. Kf2 Rf7+ 31. Rf4 Rxf4+ 32. gxf4 Qxh2+ 33.
Ke1 Qh4+ 34. Kd2 Qd8+ 35. Kc3 Qc8+ 36. Kd4 Qd8+ 37. Kc5 Qa5+ 38. Kd6 Qxe5+ 39.
fxe5 Kf8 40. e6 Ke8 41. b4 h5 42. b5 a5 43. b6 h4 44. Kc7 h3 45. Kxb7 h2 46.
Kc7 h1=Q 47. b7 Qc1+ 48. Kb6 Qf4 49. Ka7 Qd4+ 50. Ka8 Qd5 51. Ka7 Qd6 52. Ka8
g5 53. b8=Q+ Qxb8+ 54. Kxb8 g4 55. Kb7 g3 56. Kb6 g2 57. Kxa5 g1=Q 58. Kb5 Qg5+
59. Kb6 Qe3+ 60. Kb5 Qxe2+ 61. Kb6 Qxe6+ 62. Kb5 Kd8 63. a5 Kc8 64. a6 0-1

[Event "ODEM U25B 2012"]
[Site "Oberhof GER"]
[Date "2012.05.30"]
[Round "6"]
[White "Grund, Melanie"]
[Black "Gazizov, Erik"]
[Result "1-0"]
[Termination "normal"]
[Board "38"]
[WhiteElo "885"]
[BlackElo "747"]
[PlyCount "55"]
[WhiteFideId "12988804"]
[BlackFideId "12951358"]
[EventCountry "GER"]
[EventRounds "9"]
[EventType "swiss"]
[EventDate "2012.05.26"]

1. e4 d5 2. exd5 Qxd5 3. Nc3 Qa5 4. Nge2 Nf6 5. g3 e6 6. Bg2 Be7 7. d3 c6 8.
Bd2 Qc7 9. Ne4 b6 10. Nxf6+ Bxf6 11. Bc3 Bxc3+ 12. Nxc3 O-O 13. O-O b5 14. Nxb5
Qe5 15. Nc3 Ba6 16. Re1 Qg5 17. Be4 f5 18. Bf3 Bc8 19. Nb5 Rf7 20. Nd6 Rf8 21.
Nxc8 Rxc8 22. Qe2 Qh6 23. Qxe6+ Qxe6 24. Rxe6 Kf7 25. Rae1 a5 26. Bh5+ Kf8 27.
Re8+ Rxe8 28. Rxe8# 1-0

[Event "ODEM U25B 2012"]
[Site "Oberhof GER"]
[Date "2012.05.30"]
[Round "6"]
[White "Hacklinger, Leon"]
[Black "Gazizova, Alina"]
[Result "1-0"]
[Termination "normal"]
[Board "39"]
[WhiteElo "877"]
[BlackElo "767"]
[PlyCount "67"]
[WhiteFideId "16205111"]
[BlackFideId "12951366"]
[EventCountry "GER"]
[EventRounds "9"]
[EventType "swiss"]
[EventDate "2012.05.26"]

1. e4 c5 2. Nf3 d6 3. Nc3 Nf6 4. Bc4 Nc6 5. d4 cxd4 6. Nxd4 a6 7. Nxc6 bxc6 8.
Bf4 e5 9. Bg5 Be7 10. O-O O-O 11. Re1 Rb8 12. b3 Rb4 13. Qd3 Rb6 14. Na4 Rb8
15. Bxa6 h6 16. Bh4 Bxa6 17. Qxa6 Rc8 18. Bxf6 Bxf6 19. Rad1 Ra8 20. Qxc6 Be7
21. Nc5 Rc8 22. Qa6 Rxc5 23. Re3 Rxc2 24. Rg3 Qc7 25. h3 Bh4 26. Rg4 Bxf2+ 27.
Kh2 Qc8 28. Qxd6 f6 29. Rd5 Rd8 30. Qe7 Rc7 31. Rxd8+ Qxd8 32. Qxd8+ Kh7 33.
Qxc7 Kh8 34. Qxg7# 1-0

[Event "ODEM U25B 2012"]
[Site "Oberhof GER"]
[Date "2012.05.30"]
[Round "6"]
[White "Lohrmann, Linus"]
[Black "Müdder, Melanie"]
[Result "0-1"]
[Termination "normal"]
[Board "41"]
[WhiteElo "824"]
[BlackElo "761"]
[PlyCount "48"]
[WhiteFideId "12982857"]
[BlackFideId "12994103"]
[EventCountry "GER"]
[EventRounds "9"]
[EventType "swiss"]
[EventDate "2012.05.26"]

1. e4 e5 2. Nc3 Nf6 3. Nf3 Nc6 4. Bb5 a6 5. O-O axb5 6. d3 d6 7. Bg5 Be7 8. Qd2
O-O 9. Rfe1 b4 10. Nb5 Ra5 11. c4 h6 12. Bxf6 Bxf6 13. b3 Bg5 14. Nxg5 hxg5 15.
Red1 Nd4 16. a3 Nxb5 17. axb4 Rxa1 18. Rxa1 Nd4 19. b5 Nxb3 20. Qb2 Nxa1 21.
Qxa1 Qf6 22. Qa5 b6 23. Qa7 Qf4 24. Qxc7 Qc1# 0-1